বাংলাদেশের স্বাধিকার থেকে স্বাধীনতা (১৯৬৬-১৯৭১) : (Record no. 77644)
[ view plain ]
| 000 -LEADER | |
|---|---|
| fixed length control field | 01641nam a2200265 a 4500 |
| 001 - CONTROL NUMBER | |
| control field | 77644 |
| 003 - CONTROL NUMBER IDENTIFIER | |
| rucl marc code | BD-RjUL |
| 005 - DATE AND TIME OF LATEST TRANSACTION | |
| control field | 20211209083015.0 |
| 008 - FIXED-LENGTH DATA ELEMENTS--GENERAL INFORMATION | |
| fixed length control field | 201217s2002 bg ||||| m||| 00| 0 ben d |
| 035 ## - SYSTEM CONTROL NUMBER | |
| System control number | (BD-RjUL)77870 |
| 040 ## - CATALOGING SOURCE | |
| Original cataloging agency | BD-RjUL |
| Language of cataloging | ben/eng |
| Transcribing agency | BD-RjUL |
| Modifying agency | BD-RjUL |
| 041 ## - LANGUAGE CODE | |
| Language code of text/sound track or separate title | ben |
| 082 ## - DEWEY DECIMAL CLASSIFICATION NUMBER | |
| Classification number | 954.9204 |
| Author mark and year | SHB 2002 |
| Edition number | 23 |
| 100 ## - MAIN ENTRY--PERSONAL NAME | |
| Personal name | শাহজাহান, মো. |
| 9 (RLIN) | 242622 |
| 245 10 - TITLE STATEMENT | |
| Title | বাংলাদেশের স্বাধিকার থেকে স্বাধীনতা (১৯৬৬-১৯৭১) : |
| Remainder of title | একটি ঐতিহাসিক বিশ্লেষণ / |
| Statement of responsibility, etc. | মো. শাহজাহান ; |
| Linkage | তত্ত্বাবধায়ক : এম. আবুল কাশেম, আতফুল হাই শিবলী |
| 260 ## - PUBLICATION, DISTRIBUTION, ETC. (IMPRINT) | |
| Place of publication, distribution, etc. | রাজশাহী : |
| Name of publisher, distributor, etc. | ইতিহাস বিভাগ, রাজশাহী বিশ্ববিদ্যালয় , |
| Date of publication, distribution, etc. | ২০০২ |
| 300 ## - PHYSICAL DESCRIPTION | |
| Pagination | vii, ৫২৬ পাতা ; |
| Size | ২৯ সেমি. |
| 502 ## - DISSERTATION NOTE | |
| Dissertation note | থিসিস (পিএইচ. ডি.) -- ইতিহাস বিভাগ, রাজশাহী বিশ্ববিদ্যালয়, ২০০২ |
| 504 ## - BIBLIOGRAPHY, ETC. NOTE | |
| Bibliography, etc | গ্রন্থপঞ্জি: পাতা [৪৯৭]-৫২৬ |
| 651 ## - SUBJECT ADDED ENTRY--GEOGRAPHIC NAME | |
| Geographic name | বাংলাদেশ |
| General subdivision | ইতিহাস |
| Chronological subdivision | ১৯৬৬-১৯৭১ |
| 9 (RLIN) | 242684 |
| Geographic name | Bangladesh |
| General subdivision | History |
| Chronological subdivision | 1966-1971 |
| 9 (RLIN) | 242685 |
| 700 ## - ADDED ENTRY--PERSONAL NAME | |
| Personal name | কাশেম, এম. আবুল, তত্ত্বাবধায়ক |
| Personal name | শিবলী , আতফুল হাই, যুগ্ম তত্ত্বাবধায়ক |
| 942 ## - ADDED ENTRY ELEMENTS (KOHA) | |
| Source of classification or shelving scheme | Dewey Decimal Classification |
| Koha item type | Theses |
| Lost status | Source of classification or shelving scheme | Damaged status | Not for loan | Collection code | Permanent Location | Current Location | Shelving location | Date acquired | Source of acquisition | Total Checkouts | Full call number | Date last seen | Copy number | Koha item type |
|---|---|---|---|---|---|---|---|---|---|---|---|---|---|---|
| Dewey Decimal Classification | Not For Loan | Theses | Central Library, University of Rajshahi | Central Library, University of Rajshahi | Documentation Section | 05/09/2002 | Controller of Exam., R.U. | BTHE 954.9204 SHB 2002 | 17/12/2020 | C-1 | Theses |